Les vainqueurs du Ballon d'or (photo) - Statistiques

Statistiques générales
  • Ce quiz a été pris 155 fois
  • Le résultat moyen est 27 sur 45
Statistiques - réponses
Par images Réponse % Correct
Karim Benzema
98%
Christiano Ronaldo
97%
Zinédine Zidane
96%
Lionel Messi
95%
Luka Modrić
94%
Ronaldo
94%
Kakà
91%
Michel Platini
89%
Ronaldinho
89%
Jean-Pierre Papin
87%
Eusébio
86%
Johan Cruyff
86%
Fabio Cannavaro
84%
Luis Figo
83%
Rivaldo
82%
Ruud Gullit
81%
Franz Beckenbauer
80%
George Best
80%
Pavel Nedvěd
79%
George Weah
76%
Roberto Baggio
76%
Alfredo di Stéfano
73%
Lev Yachine
69%
Gerd Müller
67%
Marco van Basten
66%
Bobby Charlton
61%
Michael Owen
53%
Hristo Stoichkov
52%
Lothar Matthäus
45%
Andreï Chevtchenko
42%
Raymond Kopa
33%
Paolo Rossi
31%
Matthias Sammer
29%
Karl-Heinz Rummenigge
25%
Stanley Matthews
21%
Kevin Keegan
20%
Gianni Rivera
19%
Igor Belanov
18%
Luis Suárez
17%
Oleg Blokhine
17%
Allan Simonsen
16%
Denis Law
14%
Flórián Albert
14%
Josef Masopust
13%
Omar Sivori
12%
Aucun quiz correspondant
Distribution des résultats
% des personnes avec chaque résultat
Percentile par nombre de réponses
Votre historique - résultats
Vous n’avez pas pris ce quiz